|
|
|
|
| LEADER |
00000nab a2200000 a 4500 |
| 001 |
vtls000000717 |
| 003 |
SK-MaSNL |
| 005 |
20260426105719.0 |
| 008 |
250423c1978 xo 0 slo |
| 015 |
|
|
|a SNBRB19rr/mm-uuuuu
|
| 035 |
|
|
|a CL0010809
|
| 035 |
|
|
|a urn:nbn:sk:snk-ab1w
|
| 035 |
|
|
|a (urnnbn)urn:nbn:sk:snk:ar-a03pem
|
| 035 |
|
|
|a (uuid)8ce19163-61f9-4ae8-94ea-e58edc963e2e
|
| 040 |
|
|
|a SNKBUCL
|b slo
|c SNKBUCL
|e AACR2
|
| 041 |
0 |
|
|a slo
|
| 044 |
|
|
|a xo
|c SK
|
| 080 |
|
|
|a 1
|2 1981
|
| 080 |
|
|
|a 930
|2 1981
|
| 100 |
1 |
|
|a Kopsová, Raisa,
|d 1936-
|4 aut
|9 26681
|
| 245 |
1 |
0 |
|a Kratkaja istorija bolgarskoj filosofskoj mysli
|c Raisa Kopsová
|
| 650 |
0 |
7 |
|a filozofia
|2 snkbucl
|9 793
|
| 650 |
0 |
7 |
|a filozofické myslenie
|2 snkbucl
|9 1642
|
| 651 |
|
7 |
|a Bulharsko
|2 snkbucl
|9 20172
|
| 655 |
|
7 |
|a články z novín a časopisov
|2 snkbucl
|9 267496
|
| 773 |
0 |
|
|t Filozofia
|g Roč. 33, č. 2 (1978), s. 243-244
|
| 787 |
0 |
8 |
|i Rec.:
|t Kratkaja istorija bolgarskoj filosofskoj mysli
|d Moskva : Progress, 1977
|
| 850 |
|
|
|a Slovenská národná knižnica
|
| 852 |
|
|
|a Slovenská národná knižnica
|
| 954 |
|
|
|a odborná, vedecká literatúra pôvodná (slovenská)
|2 lita
|
| 958 |
|
|
|a article27
|
| 958 |
|
|
|a OND
|
| 958 |
|
|
|a RK
|
| 958 |
|
|
|a EUIPO
|
| 992 |
|
|
|a RBX
|
| 999 |
|
|
|c 3358932
|d 3360862
|